000 00324 a2200157 4500
001 46284
020 _a9788578481124
040 _cAnchieta - Aquarius
100 _aLondáiz, Joaquim
240 1 0 _a=Formigossauros
_lpor
245 1 0 _a=Formigossauros
300 _a
362 0 _a2013
650 4 _aRomance
942 _cBK
999 _c46284
_d46284